Statistics for Every Town and City in Virginia

Click here to take the quiz!

General Stats

  • This quiz has been taken 20 times
  • The average score is 44 of 227

Answer Stats

PopulationName% Correct
45,672Charlottesville
82%
226,604Richmond
82%
235,089Norfolk
76%
98,865Roanoke
76%
457,672Virginia Beach
76%
154,706Alexandria
71%
137,746Hampton
65%
79,009Lynchburg
65%
184,587Newport News
65%
44,826Blacksburg
59%
251,269Chesapeake
59%
24,276Fairfax
59%
48,250Leesburg
59%
33,429Petersburg
59%
96,194Suffolk
59%
17,054Bristol
53%
23,348Christiansburg
53%
5,717Covington
53%
51,430Harrisonburg
53%
7,456Lexington
53%
97,840Portsmouth
53%
15,590Williamsburg
53%
28,136Winchester
53%
243Clifton
47%
42,215Danville
47%
42,708Manassas
47%
25,373Salem
47%
25,661Staunton
47%
20,062Culpeper
41%
14,493Falls Church
41%
15,011Front Royal
41%
6,660Galax
41%
24,655Herndon
41%
13,517Martinsville
41%
3,666Norton
41%
12,574Poquoson
41%
22,550Waynesboro
41%
1,919Appomattox
35%
6,657Bedford
35%
6,601Buena Vista
35%
18,273Colonial Heights
35%
28,367Fredericksburg
35%
17,002Manassas Park
35%
16,499Radford
35%
16,473Vienna
35%
2,971Wise
35%
8,265Wytheville
35%
7,565Ashland
29%
3,555Clifton Forge
29%
5,667Emporia
29%
7,846Farmville
29%
8,217Franklin
29%
1,545Haymarket
29%
23,140Hopewell
29%
1,987Louisa
29%
2,694Lovettsville
29%
4,831Luray
29%
1,035Occoquan
29%
8,533Purcellville
29%
4,486Tazewell
29%
10,057Warrenton
29%
8,376Abingdon
24%
4,574Berryville
24%
5,254Big Stone Gap
24%
1,168Bowling Green
24%
1,178Cape Charles
24%
114Hillsboro
24%
1,445Kilmarnock
24%
669Middleburg
24%
578Quantico
24%
7,966South Boston
24%
4,690South hill
24%
7,083Strasburg
24%
2,193Tappahannock
24%
8,059Vinton
24%
2,746Windsor
24%
519Accomac
18%
3,378Altavista
18%
3,352Blackstone
18%
5,096Bluefield
18%
6,596Bridgewater
18%
4,170Broadway
18%
1,196Buchanan
18%
3,344Chincoteague
18%
5,679Dumfries
18%
2,941Elkton
18%
755Fincastle
18%
2,043Gate City
18%
872Jonesville
18%
165Monterey
18%
333Montross
18%
125New Castle
18%
2,155New Market
18%
1,169Onancock
18%
693Round Hill
18%
1,431Stuart
18%
2,963Timberville
18%
492Urbanna
18%
86Washington
18%
3,414West Point
18%
5,807Woodstock
18%
2,110Amherst
12%
516Boykins
12%
1,090Brookneal
12%
417Burkeville
12%
486Cheriton
12%
1,300Clarksville
12%
244Clinchco
12%
64Clinchport
12%
3,908Colonial Beach
12%
1,295Courtland
12%
2,262Crewe
12%
788Damascus
12%
1,688Dayton
12%
300Eastville
12%
1,473Exmore
12%
448Floyd
12%
95Glen Lyn
12%
875Grundy
12%
202Hallwood
12%
2,884Hillsville
12%
1,014Lawrenceville
12%
5,751Marion
12%
4,880Orange
12%
816Parksley
12%
2,909Pearisburg
12%
1,624Pennington Gap
12%
877Pound
12%
8.985Pulaski
12%
4,903Rocky Mount
12%
1,546Rural Retreat
12%
2,486Shenandoah
12%
349Stanardsville
12%
866St. Paul
12%
208Surry
12%
245The Plains
12%
458Troutville
12%
1,637Warsaw
12%
1,955Waverly
12%
1,250Weber City
12%
302Alberta
6%
1,432Appalachia
6%
543Belle Haven
6%
387Bloxom
6%
302Boydton
6%
283Brodnax
6%
1,069Cedar Bluff
6%
505Charlotte Court House
6%
2,053Chase City
6%
1,232Chatham
6%
1,654Chilhowie
6%
1,377Clintwood
6%
899Craigsville
6%
73Duffield
6%
1,178Edinburg
6%
450Fries
6%
1,052Glasgow
6%
1,402Gordonsville
6%
338Goshen
6%
1,310Gretna
6%
619Hamilton
6%
484Haysi
6%
1,267Hurt
6%
324Iron Gate
6%
474Irvington
6%
312Ivor
6%
144Keller
6%
1,112Kenbridge
6%
614La Crosse
6%
3,159Lebanon
6%
205Madison
6%
386Melfa
6%
1,355Middletown
6%
439Mount Crawford
6%
1,961Mount Jackson
6%
533Nassawadox
6%
532Onley
6%
272Painter
6%
196Port Royal
6%
667Remington
6%
749Rich Creek
6%
752Ridgeway
6%
1,824Saltville
6%
172Saxis
6%
127Scottsburg
6%
524Scottsville
6%
1,703Stanley
6%
73St. Charles
6%
2,016Stephens City
6%
209Stony Creek
6%
436Tangier
6%
145Troutdale
6%
1,734Victoria
6%
126Virgilina
6%
380White Stone
6%
259Boones Mill
0%
749Boyce
0%
118Branchville
0%
141Capron
0%
305Claremont
0%
136Cleveland
0%
1,598Coeburn
0%
251Dendron
0%
436Dillwyn
0%
533Drakes Branch
0%
2,682Dublin
0%
257Dungannon
0%
1,367Glade Spring
0%
2,899Grottoes
0%
1,118Halifax
0%
1,217Honaker
0%
1,011Independence
0%
652Jaratt
0%
807Keysville
0%
457McKenney
0%
470Mineral
0%
2,093Narrows
0%
286Newsoms
0%
378Nickelsville
0%
138Pamplin City
0%
1,152Pembroke
0%
232Phenix
0%
268Pochahontas
0%
5,261Richlands
0%
276Toms Brook
0%
257Wachapeague
0%
759Wakefield
0%

Score Distribution

Percentile by Number Answered

Percent of People with Each Score

Your Score History

You have not taken this quiz